00491nam a22001457a 450000500170000000800410001704000130005808200240007110000270009524500990012226000570022130000100027865000250028870000320031320160804100904.0160804b xxu||||| |||| 00| 0 eng d cPK-LaUMT aTP 320.95491bZUH-R aZuhaib Afzal, Muhammad aRole of youth in Pakistan politics (1999-2013) (M. Phil program) ][+CD]cMuhamamd Zuhaib Afzal aLahore:bUMT, Department of Political Science,c2015 a94 p. aDepartment of Pol Sc aMuhammad Owais (Supervisor)